Normal view
MARC view
Entry Término temático
001 - NÚMERO DE CONTROL
- campo de control: 165666
003 - IDENTIFICADOR DEL NÚMERO DE CONTROL
- campo de control: OSt
005 - FECHA Y HORA DE LA ÚLTIMA TRANSACCIÓN
- campo de control: 20220127160916.0
008 - DATOS DE LONGITUD FIJA
- campo de control de longitud fija: 220127|| aca||aabn | a|a d
040 ## - FUENTE DE LA CATALOGACIÓN
- Centro catalogador/agencia de origen: OSt
- Centro/agencia transcriptor: OSt
150 ## - ENCABEZAMIENTO--TÉRMINO DE MATERIA
- Término de materia o nombre geográfico como elemento de entrada: Chirimoya
- Subdivisión general: Michoacán
- Subdivisión general: México
670 ## - FUENTE DE DATOS ENCONTRADOS
- Cita de la fuente: Work cat.: (OSt)200815: Andrés Agustín, Jorge 5718, El cultivo de la chirimoya (Annona cherimola Mill.), en el estado de Michoacán, México /
